000 00756nam a2200253 a 4500
001 928761
003 OSt
005 20230620142759.0
008 830921s1982 enka b 001 0 eng
010 _a 82231595
020 _a0434402206 (pbk.) :
_c£6.95
040 _aDLC
_cDLC
_dDLC
050 0 0 _aJF1071
_b.L34 1982
082 0 0 _a324.6/3
_219
_bLAK
100 1 _aLakeman, Enid.
245 1 0 _aPower to elect :
_bthe case for proportional representation /
_cEnid Lakeman.
260 _aLondon :
_bHeinemann,
_cc1982.
300 _axiv, 178 p. :
_bill. ;
_c22 cm.
500 _aIncludes index.
504 _aBibliography: p. [172]-173.
650 0 _aProportional representation.
906 _a7
_bcbc
_corignew
_d3
_encip
_f19
_gy-gencatlg
942 _2ddc
_cBK
999 _c1784
_d1784